000 00652nam a2200241Ia 4500
003 OSt
005 20221005090710.0
006 a|||||r|||| 00| 0
007 ta
008 221004b |||||||| |||| 00| 0 eng d
024 _a18587
037 _bGift, 03/06/2015,
_cTextual
040 _aCRL
_cCRL
_beng
041 _2eng
_aeng
082 _aO111,6M79x, J3
100 _aForster E M
245 0 _aAbinger harvest
260 _aNew York
_bMeridian Books USA
_c1953
300 _a344p.
_ccm.
650 _aENGLISH LITERATURE
942 _hO111,6M79x, J3
_cTEXL
_2cc
999 _c996240
_d996240